| 000 | 00953cam a2200253 a 4500 | ||
|---|---|---|---|
| 001 | 12124020 | ||
| 003 | NUST - PNEC | ||
| 005 | 20170116181016.0 | ||
| 008 | 000729s2000 inua b 001 0 eng d | ||
| 010 | _a 99063274 | ||
| 020 | _a0735709777 | ||
| 040 | _cLIBRARY | ||
| 082 | 0 | 0 | _a004.6 78 MAR |
| 100 | 1 | _aMartin, Michael J. | |
| 245 | 1 | 0 |
_aUnderstanding the network : _ba practical guide to internetworking / _cMichael J. Martin. |
| 260 |
_aIndianapolis, IN : _bNew Riders, _cc2000. |
||
| 300 |
_axvi, 687 p. : _bill. ; _c24 cm. |
||
| 500 | _aDescribes the various technologies and techniques needed to design, build and manage a multiprotocol local or wide area network (LAN/WAN). | ||
| 504 | _aIncludes bibliographical references and index. | ||
| 650 | 0 |
_aComputer networks. _xMIS |
|
| 906 |
_a7 _bcbc _ccopycat _d2 _encip _f19 _gy-gencatlg |
||
| 942 |
_2ddc _cBK |
||
| 999 |
_c67267 _d67267 |
||